|
|
|
|
| LEADER |
03556cam a2200913 i 4500 |
| 001 |
nkc20193083629 |
| 003 |
CZ PrNK |
| 005 |
20200504112930.0 |
| 007 |
ta |
| 008 |
190515s2019 xr ac c f 000 0dcze d |
| 015 |
|
|
|a cnb003083629
|
| 020 |
|
|
|a 978-80-7585-645-6
|q (vázáno)
|
| 035 |
|
|
|a (OCoLC)1111934390
|
| 040 |
|
|
|a ULG001
|b cze
|d BOA001
|e rda
|
| 041 |
1 |
|
|a cze
|h ita
|
| 043 |
|
|
|a n-us---
|
| 045 |
|
|
|a x0x0
|
| 072 |
|
7 |
|a 629
|x Dopravní prostředky
|2 Konspekt
|9 19
|
| 072 |
|
7 |
|a 0/9-053.2
|x Literatura pro děti a mládež (naučná)
|2 Konspekt
|9 26
|
| 080 |
|
|
|a 629.7-051
|2 MRF
|
| 080 |
|
|
|a 629.73-051
|2 MRF
|
| 080 |
|
|
|a 629.7(091)
|2 MRF
|
| 080 |
|
|
|a 629.735.026.11
|2 MRF
|
| 080 |
|
|
|a (73)
|2 MRF
|
| 080 |
|
|
|a (0.062)
|2 MRF
|
| 080 |
|
|
|a (084.11)
|2 MRF
|
| 080 |
|
|
|a (0.029)
|2 MRF
|
| 080 |
|
|
|a (0.053.2)
|2 MRF
|
| 100 |
1 |
|
|a Borgo, Alberto
|7 xx0235855
|4 ill
|
| 245 |
1 |
0 |
|a Bratři Wrightové :
|b Flyer 1903 /
|c Alberto Borgo, Ester Tomè
|
| 246 |
3 |
0 |
|a Flyer 1903
|
| 264 |
|
1 |
|a Praha :
|b Dobrovský s.r.o.,
|c 2019
|
| 300 |
|
|
|a 13 stran :
|b ilustrace (převážně barevné), portréty ;
|c 35 cm +
|e kartonový model letadla (16 nečíslovaných stran s vylamovánkami) + návod k sestavení (4 nečíslované strany)
|
| 336 |
|
|
|a text
|b txt
|2 rdacontent
|
| 336 |
|
|
|a statický obraz
|b sti
|2 rdacontent
|
| 336 |
|
|
|a trojrozměrná forma
|b tdf
|2 rdacontent
|
| 337 |
|
|
|a bez média
|b n
|2 rdamedia
|
| 338 |
|
|
|a svazek
|b nc
|2 rdacarrier
|
| 338 |
|
|
|a objekt
|b nr
|2 rdacarrier
|
| 490 |
1 |
|
|a Vědci, vynálezci
|
| 490 |
1 |
|
|a Drobek
|
| 500 |
|
|
|a "Ilustrace: Alberto Borgo ; text: Ester Tomè"--Tiráž
|
| 500 |
|
|
|a Název z obálky
|
| 500 |
|
|
|a Z italštiny? přeložila Veronika Swierczek
|
| 500 |
|
|
|a Návod a listy s vylamovánkami vloženy v krabici na zadním přídeští
|
| 521 |
1 |
|
|a Pro děti od 8 let
|
| 600 |
1 |
7 |
|a Wright, Wilbur,
|d 1867-1912
|7 xx0008618
|2 czenas
|
| 600 |
1 |
7 |
|a Wright, Orville,
|d 1871-1948
|7 xx0008619
|2 czenas
|
| 648 |
|
7 |
|a 19.-20. století
|7 ch757015
|2 czenas
|
| 648 |
|
7 |
|a 20. století
|7 ch460558
|2 czenas
|
| 648 |
|
4 |
|a 1903
|
| 650 |
0 |
7 |
|a letečtí konstruktéři
|7 ph115131
|z Spojené státy americké
|y 19.-20. století
|2 czenas
|
| 650 |
0 |
7 |
|a letci
|7 ph122260
|z Spojené státy americké
|y 19.-20. století
|2 czenas
|
| 650 |
0 |
7 |
|a dějiny letectví
|7 ph488979
|z Spojené státy americké
|y 20. století
|2 czenas
|
| 650 |
0 |
7 |
|a dvojplošníky
|7 ph135754
|2 czenas
|
| 650 |
0 |
7 |
|a Wright Flyer (letadlo)
|7 ph1041599
|2 czenas
|
| 650 |
0 |
9 |
|a aeronautical engineers
|z United States
|y 19th-20th centuries
|2 eczenas
|
| 650 |
0 |
9 |
|a air pilots
|z United States
|y 19th-20th centuries
|2 eczenas
|
| 650 |
0 |
9 |
|a history of aviation
|z United States
|y 20th century
|2 eczenas
|
| 650 |
0 |
9 |
|a biplanes
|2 eczenas
|
| 650 |
0 |
9 |
|a Wright Flyer (airplane)
|2 eczenas
|
| 655 |
|
7 |
|a populárně-naučné publikace
|7 fd131864
|2 czenas
|
| 655 |
|
7 |
|a obrazové publikace
|7 fd132947
|2 czenas
|
| 655 |
|
7 |
|a skládanky
|7 fd133438
|2 czenas
|
| 655 |
|
7 |
|a publikace pro děti
|7 fd133156
|2 czenas
|
| 655 |
|
9 |
|a popular works
|2 eczenas
|
| 655 |
|
9 |
|a pictorial works
|2 eczenas
|
| 655 |
|
9 |
|a puzzles
|2 eczenas
|
| 655 |
|
9 |
|a children's literature
|2 eczenas
|
| 700 |
1 |
|
|a Tomè, Ester
|7 xx0235849
|4 aut
|
| 700 |
1 |
|
|a Swierczek, Veronika
|4 trl
|
| 830 |
|
0 |
|a Vědci, vynálezci
|0 s
|
| 830 |
|
0 |
|a Drobek
|0 s
|
| 910 |
2 |
|
|a BOA001
|b UP-1429.467
|
| 920 |
|
|
|a KN3148000001510919
|z ULG001
|
| 990 |
|
|
|a BK
|
| 995 |
|
|
|a 01
|
| 991 |
|
|
|b 201906
|c NOV
|
| 996 |
6 |
|
|b 2610784933
|c UP-1429.467
|l MZK
|r Sklad / do 24 hodin
|n 0
|p p.v.
|w 001727170
|u 000010
|a 1
|e BOA001
|j MZK50
|s P
|